Quy định mới về việc hỗ trợ tài chính để thi hành án Dân sự
Giới thiệu các chỉ thị, thông tư của Chính phủ về hỗ trợ tài chính từ ngân sách nhà nước để thi hành án Dân sự.
Bewaard in:
| Formaat: | Boek |
|---|---|
| Taal: | Undetermined |
| Gepubliceerd in: |
Hà Nội
Chính trị Quốc gia
2006
|
| Onderwerpen: | |
| Tags: |
Voeg label toe
Geen labels, Wees de eerste die dit record labelt!
|
| Thư viện lưu trữ: | Trung tâm Học liệu Trường Đại học Cần Thơ |
|---|
| LEADER | 00742nam a2200193Ia 4500 | ||
|---|---|---|---|
| 001 | CTU_111782 | ||
| 008 | 210402s9999 xx 000 0 und d | ||
| 020 | |c 6000 | ||
| 082 | |a 343.59703 | ||
| 082 | |b Qu600 | ||
| 245 | 0 | |a Quy định mới về việc hỗ trợ tài chính để thi hành án Dân sự | |
| 260 | |a Hà Nội | ||
| 260 | |b Chính trị Quốc gia | ||
| 260 | |c 2006 | ||
| 520 | |a Giới thiệu các chỉ thị, thông tư của Chính phủ về hỗ trợ tài chính từ ngân sách nhà nước để thi hành án Dân sự. | ||
| 650 | |a Finance, public | ||
| 650 | |z Vietnam | ||
| 904 | |i Giang | ||
| 980 | |a Trung tâm Học liệu Trường Đại học Cần Thơ | ||